<?xml version="1.0" encoding="UTF-8"?>
<record
    xmlns:xsi="http://www.w3.org/2001/XMLSchema-instance"
    xsi:schemaLocation="http://www.loc.gov/MARC21/slim http://www.loc.gov/standards/marcxml/schema/MARC21slim.xsd"
    xmlns="http://www.loc.gov/MARC21/slim">

  <leader>02127cam a2200409 a 4500</leader>
  <datafield tag="999" ind1=" " ind2=" ">
    <subfield code="c">330653</subfield>
    <subfield code="d">330653</subfield>
  </datafield>
  <controlfield tag="001">16117620</controlfield>
  <controlfield tag="003">NUST</controlfield>
  <controlfield tag="005">20170727134116.0</controlfield>
  <controlfield tag="008">100303s2010    pk            000 0durd  </controlfield>
  <datafield tag="010" ind1=" " ind2=" ">
    <subfield code="a">  2010341475</subfield>
  </datafield>
  <datafield tag="020" ind1=" " ind2=" ">
    <subfield code="a">9789695680315</subfield>
  </datafield>
  <datafield tag="025" ind1=" " ind2=" ">
    <subfield code="a">P-U-2010341475; 14</subfield>
  </datafield>
  <datafield tag="037" ind1=" " ind2=" ">
    <subfield code="b">Library of Congress -- Islamabad Overseas Office</subfield>
    <subfield code="c">Rs 350</subfield>
  </datafield>
  <datafield tag="040" ind1=" " ind2=" ">
    <subfield code="a">DLC</subfield>
    <subfield code="c">DLC</subfield>
    <subfield code="d">DLC</subfield>
  </datafield>
  <datafield tag="042" ind1=" " ind2=" ">
    <subfield code="a">lcode</subfield>
    <subfield code="a">pcc</subfield>
  </datafield>
  <datafield tag="050" ind1="0" ind2="0">
    <subfield code="a">PK2199.A914</subfield>
    <subfield code="b">A6 2010</subfield>
  </datafield>
  <datafield tag="066" ind1=" " ind2=" ">
    <subfield code="c">(3</subfield>
    <subfield code="c">(4</subfield>
  </datafield>
  <datafield tag="082" ind1=" " ind2=" ">
    <subfield code="a">809.8</subfield>
    <subfield code="b">AZA</subfield>
  </datafield>
  <datafield tag="100" ind1="1" ind2=" ">
    <subfield code="6">880-01</subfield>
    <subfield code="a">&#x100;z&#x101;d, Mu&#x1E25;ammad &#x1E24;usain,</subfield>
    <subfield code="d">approximately 1834-1910.</subfield>
    <subfield code="9">3614</subfield>
  </datafield>
  <datafield tag="240" ind1="1" ind2="0">
    <subfield code="a">Works.</subfield>
    <subfield code="k">Selections.</subfield>
    <subfield code="f">2010</subfield>
  </datafield>
  <datafield tag="245" ind1="1" ind2="0">
    <subfield code="6">880-02</subfield>
    <subfield code="a">Nig&#x101;rist&#x101;n-i &#x100;z&#x101;d /</subfield>
    <subfield code="c">Mu&#x1E25;ammad &#x1E24;usain &#x100;z&#x101;d ; ta&#x2BB;&#x101;ruf va intik&#x332;h&#x332;&#x101;b, Aslam Farruk&#x332;h&#x332;&#x12B;.</subfield>
  </datafield>
  <datafield tag="246" ind1="1" ind2=" ">
    <subfield code="i">Title on t.p. verso:</subfield>
    <subfield code="a">Nigaristan-e-Azad :</subfield>
    <subfield code="b">Muhammad Hussain Azad</subfield>
  </datafield>
  <datafield tag="260" ind1=" " ind2=" ">
    <subfield code="6">880-03</subfield>
    <subfield code="a">Kar&#x101;ch&#x12B; :</subfield>
    <subfield code="b">Shahrz&#x101;d,</subfield>
    <subfield code="c">2010.</subfield>
  </datafield>
  <datafield tag="300" ind1=" " ind2=" ">
    <subfield code="a">388 p. ;</subfield>
    <subfield code="c">22 cm.</subfield>
  </datafield>
  <datafield tag="500" ind1=" " ind2=" ">
    <subfield code="6">880-04</subfield>
    <subfield code="a">"Mu&#x1E25;ammad &#x1E24;ussain &#x100;z&#x101;d k&#x12B; num&#x101;&#x2BC;indah ta&#x1E25;r&#x12B;ron&#x332; k&#x101; intik&#x332;h&#x332;&#x101;b"--Cover.</subfield>
  </datafield>
  <datafield tag="520" ind1=" " ind2=" ">
    <subfield code="a">Selected writings and critical study of Mu&#x1E25;ammad &#x1E24;ussain &#x100;z&#x101;d, ca. 1834-1910, an eminent Urdu writer.</subfield>
  </datafield>
  <datafield tag="546" ind1=" " ind2=" ">
    <subfield code="a">In Urdu.</subfield>
  </datafield>
  <datafield tag="600" ind1="1" ind2="0">
    <subfield code="6">880-05</subfield>
    <subfield code="a">&#x100;z&#x101;d, Mu&#x1E25;ammad &#x1E24;usain,</subfield>
    <subfield code="d">approximately 1834-1910</subfield>
    <subfield code="x">Criticism and interpretation.</subfield>
    <subfield code="9">3615</subfield>
  </datafield>
  <datafield tag="700" ind1="1" ind2=" ">
    <subfield code="6">880-06</subfield>
    <subfield code="a">Farruk&#x332;h&#x332;&#x12B;, Aslam,</subfield>
    <subfield code="d">1924-2016.</subfield>
    <subfield code="9">3616</subfield>
  </datafield>
  <datafield tag="880" ind1="1" ind2=" ">
    <subfield code="6">100-01/(3/r&#x200F;</subfield>
    <subfield code="a">&#x200F;&#x622;&#x632;&#x627;&#x62F;&#x60C; &#x645;&#x62D;&#x645;&#x651;&#x62F; &#x62D;&#x633;&#x64A;&#x646;&#x60C;&#x200F;</subfield>
    <subfield code="d">approximately 1834-1910.</subfield>
  </datafield>
  <datafield tag="880" ind1="1" ind2="0">
    <subfield code="6">245-02/(3/r&#x200F;</subfield>
    <subfield code="a">&#x200F;&#x646;&#x6AF;&#x627;&#x631;&#x633;&#x62A;&#x627;&#x646; &#x622;&#x632;&#x627;&#x62F; /&#x200F;</subfield>
    <subfield code="c">&#x200F;&#x645;&#x62D;&#x645;&#x651;&#x62F; &#x62D;&#x633;&#x651;&#x64A;&#x646; &#x622;&#x632;&#x627;&#x62F; &#x61B; &#x62A;&#x639;&#x627;&#x631;&#x641; &#x648; &#x627;&#x646;&#x62A;&#x62E;&#x627;&#x628;&#x60C; &#x627;&#x633;&#x644;&#x645; &#x641;&#x631;&#x651;&#x62E;&#x649;.</subfield>
  </datafield>
  <datafield tag="880" ind1=" " ind2=" ">
    <subfield code="6">260-03/(4/r&#x200F;</subfield>
    <subfield code="a">&#x200F;&#x6A9;&#x631;&#x627;&#x686;&#x649; :&#x200F;</subfield>
    <subfield code="b">&#x200F;&#x634;&#x647;&#x631;&#x632;&#x627;&#x62F;&#x60C;&#x200F;</subfield>
    <subfield code="c">&#x200F;&#x202B;2010&#x202C;.</subfield>
  </datafield>
  <datafield tag="880" ind1=" " ind2=" ">
    <subfield code="6">500-04/(3/r&#x200F;</subfield>
    <subfield code="a">&#x200F;"&#x645;&#x62D;&#x645;&#x651;&#x62F; &#x62D;&#x633;&#x651;&#x64A;&#x646; &#x622;&#x632;&#x627;&#x62F; &#x6A9;&#x649; &#x646;&#x645;&#x627;&#x626;&#x646;&#x62F;&#x647; &#x62A;&#x62D;&#x631;&#x64A;&#x631;&#x648;&#x6BA; &#x6A9;&#x627; &#x627;&#x646;&#x62A;&#x62E;&#x627;&#x628;"--Cover.</subfield>
  </datafield>
  <datafield tag="880" ind1="1" ind2="4">
    <subfield code="6">600-05/(3/r&#x200F;</subfield>
    <subfield code="a">&#x200F;&#x622;&#x632;&#x627;&#x62F;&#x60C; &#x645;&#x62D;&#x645;&#x651;&#x62F; &#x62D;&#x633;&#x64A;&#x646;&#x60C;&#x200F;</subfield>
    <subfield code="d">ca. 1834-1910</subfield>
    <subfield code="x">Criticism and interpretation.</subfield>
  </datafield>
  <datafield tag="880" ind1="1" ind2=" ">
    <subfield code="6">700-06/(3/r&#x200F;</subfield>
    <subfield code="a">&#x200F;&#x641;&#x631;&#x651;&#x62E;&#x649;&#x60C; &#x627;&#x633;&#x644;&#x645;&#x60C;&#x200F;</subfield>
    <subfield code="d">&#x200F;1924-2016.</subfield>
  </datafield>
  <datafield tag="906" ind1=" " ind2=" ">
    <subfield code="a">7</subfield>
    <subfield code="b">cbc</subfield>
    <subfield code="c">origode</subfield>
    <subfield code="d">3</subfield>
    <subfield code="e">ncip</subfield>
    <subfield code="f">20</subfield>
    <subfield code="g">y-nonroman</subfield>
  </datafield>
  <datafield tag="942" ind1=" " ind2=" ">
    <subfield code="2">ddc</subfield>
    <subfield code="c">BK</subfield>
  </datafield>
  <datafield tag="952" ind1=" " ind2=" ">
    <subfield code="0">0</subfield>
    <subfield code="1">0</subfield>
    <subfield code="2">ddc</subfield>
    <subfield code="4">0</subfield>
    <subfield code="7">0</subfield>
    <subfield code="a">CL</subfield>
    <subfield code="b">CL</subfield>
    <subfield code="c">FIC</subfield>
    <subfield code="d">2017-07-27</subfield>
    <subfield code="l">1</subfield>
    <subfield code="o">891.4398 AZA</subfield>
    <subfield code="p">CL1807</subfield>
    <subfield code="r">2019-08-27</subfield>
    <subfield code="s">2019-08-27</subfield>
    <subfield code="t">1</subfield>
    <subfield code="w">2017-07-27</subfield>
    <subfield code="y">BK</subfield>
  </datafield>
</record>
